Statistics for NCAA FOOTBALL TEAMS BY STATE (C)

Click here to take the quiz!

General Stats

  • This quiz has been taken 49 times
  • The average score is 9 of 11

Answer Stats

HintAnswer% Correct
ColoradoColorado Buffaloes
98%
ColoradoColorado State Rams
95%
CaliforniaUSC Trojans
95%
ConnecticutConnecticut Huskies
91%
CaliforniaUCLA Bruins
91%
CaliforniaCalifornia Golden Bears
88%
CaliforniaStanford Cardinal
81%
CaliforniaSan Diego State Aztecs
79%
ColoradoAir Force Falcons
72%
CaliforniaFresno State Bulldogs
72%
CaliforniaSan Jose State Spartans
70%

Score Distribution

Percentile by Number Answered

Percent of People with Each Score

Your Score History

You have not taken this quiz